|
|
|
|
| LEADER |
01048pam a22003618a 4500 |
| 001 |
00035884 |
| 005 |
20171026081025.0 |
| 008 |
170104s2016 ||||||Viesd |
| 020 |
# |
# |
|a 978 604 69 3218 5
|c 99000
|
| 041 |
0 |
# |
|a Vie
|
| 082 |
1 |
4 |
|a 302.2
|b KH205Ă
|
| 100 |
1 |
# |
|a Trác, Nhã
|e Chủ biên
|
| 245 |
1 |
0 |
|a Khéo ăn khéo nói sẽ có được thiên hạ
|c Trác Nhã; Phương Thảo
|
| 250 |
# |
# |
|a Tái bản lần thứ 4
|
| 260 |
# |
# |
|a Hà Nội
|b Văn học
|c 2016
|
| 300 |
# |
# |
|a 343tr.
|c 23cm.
|
| 653 |
# |
# |
|a Cá nhân
|
| 653 |
# |
# |
|a Thành công
|
| 653 |
# |
# |
|a Kỹ năng sống
|
| 653 |
# |
# |
|a Giao tiếp
|
| 700 |
1 |
# |
|a Phương Thảo
|e dịch
|
| 852 |
# |
# |
|j KM.0020258
|j KD.0019348
|j KM.0020257
|
| 852 |
# |
# |
|b Kho đọc
|j KD.0019348
|
| 852 |
# |
# |
|b Kho mượn
|j KM.0020257, KM.0020258
|
| 910 |
|
|
|d 04/01/2017
|
| 980 |
# |
# |
|a Trung tâm Học liệu Lê Vũ Hùng, Trường Đại học Đồng Tháp
|